000 00515nam a2200193Ia 4500
008 101110s9999 xx 000 0 und d
041 _aENGLISH
082 _bSR19329
_a657.9
100 _aXavier G. Francis
245 _aFundamental and Advanced Accounting Vol.II
365 _b57
520 _aCommerce
546 _aENGLISH
630 _aFundamental and Advanced Accounting Vol.II
650 _aCommerce
655 _aCommerce
730 _aFundamental and Advanced Accounting Vol.II
942 _cBOOK
999 _c812665
_d812662